LEADER 01285cam a2200301 a 4500 001 991003087959707536 008 071204s2006 it 001 0bita 020 $a9788884983435 035 $ab13627491-39ule_inst 040 $aBiblioteca Interfacoltà$bita 041 $aita 082 04$a330.1 100 1 $aPapagna, Elena$0133616 245 10$aFilippo Briganti patrizio di Gallipoli :$bteoria e prassi del governo cittadino nel Settecento napoletano /$cElena Papagna ; con appendice di testi 260 $aRoma :$bEdizioni di Storia e Letteratura,$c2006 300 $a206 p. ;$c24 cm. 440 0$aBiblioteca del 18. secolo ;$v3 440 0$aSettecento italiano 504 $aCon bibliografia 600 14$aBriganti, Filippo Maria 700 1 $aBriganti, Filippo Maria.$tMemoria per lo primo ceto della città di Gallipoli 700 1 $aBriganti, Filippo Maria.$tSommario di ragioni del primo ceto de' Nobili Patrizi della Città di Gallipoli 907 $a.b13627491$b02-04-14$c04-12-07 912 $a991003087959707536 945 $aLE002 330.1 PAP$g1$i2002000746320$lle002$op$pE28.00$q-$rl$s- $t0$u6$v2$w6$x0$y.i14626512$z04-12-07 996 $aFilippo Briganti patrizio di Gallipoli$91073157 997 $aUNISALENTO 998 $ale002$b04-12-07$cm$da $e-$fita$git $h0$i0 LEADER 01970oam 2200577 450 001 9910716968103321 005 20211220165849.0 035 $a(CKB)5470000002526513 035 $a(OCoLC)1282632081 035 $a(EXLCZ)995470000002526513 100 $a20211104d1982 ua 0 101 0 $aeng 135 $aur||||||||||| 181 $ctxt$2rdacontent 182 $cc$2rdamedia 183 $acr$2rdacarrier 200 10$aColumbia glacier photogrammetric altitude and velocity $edata set (1957-1981) /$fby Andrew G. Fountain 210 1$aTacoma, Washington :$cUnited States Department of the Interior, Geological Survey,$d1982. 215 $a1 online resource (i, 225 pages) $cmaps 225 1 $aOpen-file report ;$v82-756 300 $a"1982." 320 $aIncludes bibliographical references (page 7). 517 $aColumbia glacier photogrammetric altitude and velocity 606 $aPhotogrammetry$zAlaska$zColumbia Glacier 606 $aAerial photogrammetry$zAlaska$zColumbia Glacier 606 $aGlaciers$zAlaska$zColumbia Glacier 606 $aAerial photography in glaciology$zAlaska$zColumbia Glacier 606 $aAerial photogrammetry$2fast 606 $aAerial photography in glaciology$2fast 606 $aGlaciers$2fast 606 $aPhotogrammetry$2fast 607 $aAlaska$zColumbia Glacier$2fast 615 0$aPhotogrammetry 615 0$aAerial photogrammetry 615 0$aGlaciers 615 0$aAerial photography in glaciology 615 7$aAerial photogrammetry. 615 7$aAerial photography in glaciology. 615 7$aGlaciers. 615 7$aPhotogrammetry. 700 $aFountain$b Andrew G.$01386066 712 02$aGeological Survey (U.S.), 801 0$bGPO 801 1$bGPO 801 2$bGPO 801 2$bOCLCF 801 2$bGPO 906 $aBOOK 912 $a9910716968103321 996 $aColumbia glacier photogrammetric altitude and velocity$93502766 997 $aUNINA